| 000 | 00684nam a22002177a 4500 | ||
|---|---|---|---|
| 999 |
_c19394 _d19394 |
||
| 003 | AR-CdUCM | ||
| 008 | 190517b ||||| |||| 00| 0 spa d | ||
| 020 | _a968-816-084-2 | ||
| 040 |
_aMUNICIPALIDAD PROVINCIAL DEL CUSCO _cBIBLIOTECA MUNICIPAL DEL CUSCO |
||
| 082 |
_a923.2 / _bC31 |
||
| 245 | _aFelipe Carrillo Puerto / | ||
| 260 |
_aMéxico : _bEdic, Gubernamentales, _c1985. |
||
| 300 |
_a160 paginas ; _c21 cm. |
||
| 440 |
_aConciencia Civica Nacional _940709 |
||
| 505 | _aContenido :Biografía / | ||
| 650 |
_aBiografia _9437 |
||
| 650 |
_aFelipe Carrillo Puerto _940710 |
||
| 700 |
_aBerenice Lacroix Macosay _940711 |
||
| 942 |
_2ddc _cLIBROS |
||
| 945 |
_arjall _d2019-05-17 |
||